Normal view
MARC view
- Izaz Ur Rehman
Entry Personal Name
001 - CONTROL NUMBER
- control field: 51549
003 - CONTROL NUMBER IDENTIFIER
- control field: NUST
005 - DATE AND TIME OF LATEST TRANSACTION
- control field: 20210314135025.0
008 - FIXED-LENGTH DATA ELEMENTS
- fixed length control field: 210314|| aca||aabn | a|a d
040 ## - CATALOGING SOURCE
- Original cataloging agency: NUST
- Transcribing agency: NUST
100 ## - HEADING--PERSONAL NAME
- Personal name: Izaz Ur Rehman
670 ## - SOURCE DATA FOUND
- Source citation: Work cat.: (NUST): Mujahid Tufail ,Rao 51548, Study of waste glass powder as partial replacement of cement in concrete , 2019.
